Discursos leídos ante la Real Academia de Bellas Artes de San Fernando en la recepción pública de Don Antonio Peña y Goñi el día 10 de abril de 1892 ; [contestación del Excmo. Sr. D. Francisco Asenjo Barbieri académico de número] (Record no. 161670)

MARC details
000 -LEADER
campo de control de longitud fija 01628nam a2200337 i 4500
001 - NÚMERO DE CONTROL
campo de control 161670
003 - IDENTIFICADOR DE NÚMERO DE CONTROL
campo de control ES-MaACL
005 - FECHA Y HORA DE LA ÚLTIMA TRANSACCIÓN
campo de control 20250901082208.0
008 - DATOS DE LONGITUD FIJA--INFORMACIÓN GENERAL
campo de control de longitud fija 931025e1892 sp |r 10| 0bspa
040 ## - FUENTE DE CATALOGACIÓN
Centro catalogador/agencia de origen PAB
Lengua de catalogación spa
080 ## - NÚMERO DE LA CLASIFICACIÓN DECIMAL UNIVERSAL
Número de la Clasificación Decimal Universal 929 Saldoni, Baltasar
080 ## - NÚMERO DE LA CLASIFICACIÓN DECIMAL UNIVERSAL
Número de la Clasificación Decimal Universal 78(460)"18"
100 1# - ENTRADA PRINCIPAL--NOMBRE DE PERSONA
Nombre de persona Peña y Goñi, Antonio,
Fechas asociadas al nombre 1846-1896
Término indicativo de función/relación Autor
9 (RLIN) 90290
245 10 - MENCIÓN DEL TÍTULO
Título Discursos leídos ante la Real Academia de Bellas Artes de San Fernando en la recepción pública de Don Antonio Peña y Goñi el día 10 de abril de 1892 ; [contestación del Excmo. Sr. D. Francisco Asenjo Barbieri académico de número]
260 ## - PUBLICACIÓN, DISTRIBUCIÓN, ETC.
Lugar de publicación, distribución, etc. Madrid :
Nombre del editor, distribuidor, etc. [s.n.],
Fecha de publicación, distribución, etc. 1892
Fabricante (Tip. de Manuel Ginés Hernández)
300 ## - DESCRIPCIÓN FÍSICA
Extensión 63 páginas ;
Dimensiones 26 cm
500 ## - NOTA GENERAL
Nota general Tema: Recuerdo al artista Baltasar Saldoni
530 ## - NOTA DISPONIBLE DE FORMULARIO FÍSICO ADICIONAL
Nota de formato físico adicional disponible Disponible en formato digital
600 14 - PUNTO DE ACCESO ADICIONAL DE MATERIA--NOMBRE DE PERSONA
Nombre de persona Saldoni, Baltasar,
Fechas asociadas al nombre 1807-1889
9 (RLIN) 132330
650 #4 - PUNTO DE ACCESO ADICIONAL DE MATERIA--TÉRMINO DE MATERIA
Término de materia o nombre geográfico como elemento de entrada Música española-
Subdivisión cronológica S.XIX
9 (RLIN) 15407
655 #7 - TERMINO DE INDIZACIÓN--GENERO/FORMA
Datos o término principal de género/forma Discursos académicos
Fuente del término tgfbne
9 (RLIN) 234367
700 1# - ENTRADA AGREGADA--NOMBRE PERSONAL
Nombre de persona Barbieri, Francisco A.,
Fechas asociadas al nombre 1823-1894
Término indicativo de función/relación Autor
9 (RLIN) 25463
700 1# - ENTRADA AGREGADA--NOMBRE PERSONAL
Nombre de persona Hernández, Manuel Ginés,
Fechas asociadas al nombre 1839-1892
Término indicativo de función/relación Impresor
9 (RLIN) 127890
710 2# - ENTRADA AGREGADA--NOMBRE DE ENTIDAD CORPORATIVA
Nombre de entidad corporativa o nombre de jurisdicción como elemento de entrada Real Academia de Bellas Artes de San Fernando
Término indicativo de función/relación entidad responsable
9 (RLIN) 6291
752 ## - ENTRADA AGREGADA--NOMBRE JERÁRQUICO DEL LUGAR
País o entidad superior España -
Ciudad Madrid
852 4# - LOCALIZACIÓN
Ubicación ES-MaACL
Ubicación en estantería Administración
Número de control de estantería F-M-III-N(IV)
Encuadernación Enc. en un vol. facticio
-- Pasta española, falto de cub. original
856 4# - LOCALIZACIÓN Y ACCESO ELECTRÓNICOS
Identificador Uniforme de Recursos <a href="https://www.realacademiabellasartessanfernando.com/assets/docs/discursos_ingreso/Peña_y_Goñi_Antonio-1892.pdf">https://www.realacademiabellasartessanfernando.com/assets/docs/discursos_ingreso/Peña_y_Goñi_Antonio-1892.pdf</a>
Texto de enlace Versión en línea
Nota pública (Real Academia de Bellas Artes de San Fernando)
942 ## - ELEMENTOS DE ENTRADA SECUNDARIOS (KOHA)
Fuente del sistema de clasificación o colocación Clasificación decimal universal
Tipo de ítem Koha Libro impreso antiguo
Suprimir en OPAC No
Holdings
Estatus retirado Estado de pérdida Estado de daño No para préstamo Colección Biblioteca de origen Biblioteca actual Ubicación en estantería Fecha de adquisición Fuente de adquisición Total de préstamos Signatura topográfica completa Código de barras Visto por última vez Precio de reemplazo Tipo de ítem Koha
        Libros del s. XIX Biblioteca del Ateneo de Madrid Biblioteca del Ateneo de Madrid Administración 17/01/2008     F-M-III-N(IV) 1169349 23/02/2023 23/02/2023 Libro impreso antiguo